000 01286nam a22002417a 4500
999 _c60227
_d60227
003 Ge_BSU
005 20230620163149.0
008 230620s2011 ge ||||| |||| 00| 0 geo d
020 _a9789941132063
041 _ageo
080 _a94(3-21) თ-68
100 _aთოდუა, თემურ.
_918753
245 _aანტიკური პოლისი /
_cთემურ თოდუა; რედ. ლევან გორდეზიანი; ივ. ჯავახიშვილის სახ. თსუ.
264 _aთბილისი :
_bთბილ. უნ-ტის გამ-ბა,
_c2011.
300 _a238 გვ. :
_bტაბ. ;
_c26 სმ.
501 _aსაძიებლები: გვ. 225-235. ტაბულები: გვ. 213-223.
504 _aბიბლიოგრ.: გვ. 210-212.
520 _a რეზ. ინგლ.ენაზე
653 _aანტიკური ქალაქების ისტორია
700 _aგორდეზიანი, ლევან
_eრედაქტორი
_917068
710 _aთბილისის ივ. ჯავახიშვილის სახ. სახელმწიფო უნივერსიტეტი
_918829
942 _2udc
_cBK